Compendio de alimentación del ganado / (Record no. 20202)

000 -CABECERA
fixed length control field 00833nam a22002417a 4500
003 - IDENTIFICADOR DEL NÚMERO DE CONTROL
control field AR-CdUCM
008 - DATOS DE LONGITUD FIJA--INFORMACIÓN GENERAL
fixed length control field 190527b ||||| |||| 00| 0 spa d
040 ## - FUENTE DE LA CATALOGACIÓN
Agencia/entidad que catalogó originalmente la obra MUNICIPALIDAD PROVINCIAL DEL CUSCO
Entidad que transcribió la catalogación BIBLIOTECA MUNICIPAL DEL CUSCO
082 ## - NÚMERO DE LA CLASIFICACIÓN DECIMAL DEWEY
No. de Clasificación 636.084 /
Notacion interna M79C
100 ## - ENTRADA PRINCIPAL--NOMBRE DE PERSONA
Nombre Personal Morrison, Frank Barron
245 ## - MENCIÓN DE TÍTULO
Título Compendio de alimentación del ganado /
260 ## - PUBLICACIÓN, DISTRIBUCIÓN, ETC.
Lugar de publicación, distribución, etc. Mexico:
Nombre de la editorial, distribuidor, etc. U.T.E.H.A,
Fecha de publicación, distribución, etc. 1977.
300 ## - DESCRIPCIÓN FÍSICA
Nº de Páginas Extensión 719 páginas
Dimensiones 23 cm.
Otros detalles físicos Figuras y cuadros
505 ## - NOTA DE CONTENIDO CON FORMATO
Nota de contenido formateada Contenido: Fundamentos de la nutrición animal -- Productos alimenticios -- Alimentación de los animales de granja...
650 ## - PUNTO DE ACCESO ADICIONAL DE MATERIA--TÉRMINO DE MATERIA
Descriptor Ganja
9 (RLIN) 42223
650 ## - PUNTO DE ACCESO ADICIONAL DE MATERIA--TÉRMINO DE MATERIA
Descriptor Animales
9 (RLIN) 917
650 ## - PUNTO DE ACCESO ADICIONAL DE MATERIA--TÉRMINO DE MATERIA
Descriptor Pastos
9 (RLIN) 21174
650 ## - PUNTO DE ACCESO ADICIONAL DE MATERIA--TÉRMINO DE MATERIA
Descriptor Forrajes
9 (RLIN) 42224
700 ## - PUNTO DE ACCESO ADICIONAL--NOMBRE DE PERSONA
Nombre Personal De La Loma, Jose Luis (traductor)
9 (RLIN) 42225
942 ## - ELEMENTOS DE PUNTO DE ACCESO ADICIONAL (KOHA)
Fuente de clasificación
Tipo de item Libros-BMC
945 ## - PROCESAMIENTO DE INFORMACIÓN LOCAL (OCLC)
Catalogador Javier
Holdings
Estado de retiro (separado) Fuente de clasificación o esquema de estanterías Estado dañado Ubicación Sala donde se ubica Nombre de la colección Fecha de adquisición o compra Costo, precio normal en soles Signatura topográfica Código de Barras Última vez visto (Koha) Tipo de ítem (Koha)
No     Sala Ciencias Sala Ciencias Book Cart 2019-05-27 90.00 636.084 / M79C SC0000001915 2019-05-27 Libros-BMC

Powered by Koha